| 000 | 01041nam a2200277 a 4500 | ||
|---|---|---|---|
| 001 | 38931 | ||
| 003 | BD-RjUL | ||
| 005 | 20211209052902.0 | ||
| 008 | 160423s2014 bg ||||| |||| 00| 0dben d | ||
| 020 |
_a9840751808 _c: TK 140.00 |
||
| 035 | _a(BD-RjUL)39041 | ||
| 040 |
_aBD-RjUL _bben _cBD-RjUL _dBD-RjUL |
||
| 041 | _aben | ||
| 082 |
_223 _a891.442 _bBUB 2014 |
||
| 100 |
_aবুলবুল, বোরহান _9120187 |
||
| 245 | 1 | 0 |
_aবাংলাদেশের নাটকে নিম্নবর্গ : _b১৯৭১-২০০০ / _cবোরহান বুলবুল |
| 260 |
_aঢাকাঃ _bবাংলা একাডেমী ; _c২০১৪ |
||
| 300 |
_a[১০], ১৬৭ পৃ. ;। _c২১সেমি. |
||
| 490 |
_aবাএ ; _v৫১৬১ |
||
| 504 | _aগ্রন্থপঞ্জি সংযুক্ত | ||
| 650 |
_aবাংলা নাটক _9120205 |
||
| 650 |
_aBangla Drama _9120206 |
||
| 700 |
_a _9120220 |
||
| 830 |
_aবাএ ; _v৫১৬১ _9126478 |
||
| 942 |
_2ddc _cBK _01 |
||
| 999 |
_c38931 _d38931 |
||